[Event "AUT-chT Blitz"]
[Site "Pasching"]
[Date "2025.05.31"]
[Round "7.19"]
[White "Pakleza, Zbigniew"]
[Black "Stork, Oliver"]
[Result "1-0"]
[WhiteElo "2484"]
[BlackElo "2373"]
[PlyCount "58"]
[EventDate "2025.05.31"]
[EventType "team-swiss (blitz)"]
[EventRounds "13"]
[EventCountry "AUT"]
[SourceTitle "CB23_2025"]
[SourceDate "2025.06.04"]
[SourceVersion "1"]
[SourceVersionDate "2025.06.04"]
[SourceQuality "1"]
[WhiteTeam "Krakow Kingsofchess"]
[BlackTeam "The Dr Des and 3FMs"]
[WhiteTeamCountry "POL"]
[BlackTeamCountry "GER"]

1. d4 Nf6 2. Nf3 d5 3. Bf4 c5 4. c3 Nc6 5. Nbd2 cxd4 6. cxd4 Bf5 7. e3 e6 8. Qb3 Qb6 9. Qxb6 axb6 10. Bb5 Nd7 11. Ke2 f6 12. Rhc1 Rc8 13. a3 Be7 14. Rc3 Kf7 15. Rac1 e5 16. dxe5 fxe5 17. Bxc6 bxc6 18. Nxe5+ Nxe5 19. Bxe5 c5 20. Rb3 Rc6 21. Nf3 Re8 22. Nd4 c4 23. Nxf5 Bc5 24. Rb5 Rxe5 25. Ng3 d4 26. Rxc4 dxe3 27. Re4 Rce6 28. f3 Rd5 29. Nf1 Rxe4 1-0

[Event "AUT-chT Blitz"]
[Site "Pasching"]
[Date "2025.05.31"]
[Round "5.19"]
[White "Palac, Mladen"]
[Black "Stork, Oliver"]
[Result "1/2-1/2"]
[WhiteElo "2450"]
[BlackElo "2373"]
[PlyCount "122"]
[EventDate "2025.05.31"]
[EventType "team-swiss (blitz)"]
[EventRounds "13"]
[EventCountry "AUT"]
[SourceTitle "CB23_2025"]
[SourceDate "2025.06.04"]
[SourceVersion "1"]
[SourceVersionDate "2025.06.04"]
[SourceQuality "1"]
[WhiteTeam "Kirchweyhe"]
[BlackTeam "The Dr Des and 3FMs"]
[WhiteTeamCountry "GER"]
[BlackTeamCountry "GER"]

1. e4 c5 2. Nf3 e6 3. Be2 Nc6 4. 0-0 Nf6 5. Nc3 d6 6. d4 cxd4 7. Nxd4 Be7 8. Nxc6 bxc6 9. Qd3 e5 10. f4 Be6 11. Qg3 Qc7 12. fxe5 dxe5 13. Qxg7 Rg8 14. Qh6 Ng4 15. Bxg4 Rxg4 16. Be3 0-0-0 17. Rad1 Rdg8 18. Qh3 Rg3 19. Qxg3 Rxg3 20. hxg3 Qa5 21. a3 Bc5 22. Bxc5 Qxc5+ 23. Kh2 Qf8 24. Rf6 Qg7 25. Rdf1 Qg5 26. R6f3 h5 27. Kg1 a5 28. b4 axb4 29. axb4 Bc4 30. Rd1 Qg4 31. Rd6 Kc7 32. Rd2 h4 33. gxh4 Qxh4 34. Rdf2 Kb6 35. Na4+ Kb5 36. Nc5 Kxb4 37. Nd3+ Kb5 38. Nxe5 Qg5 39. Nxc4 Kxc4 40. Rxf7 Qc1+ 41. Rf1 Qxc2 42. e5 Kd5 43. Re1 Qc3 44. Rff1 Qd4+ 45. Rf2 Ke6 46. g3 c5 47. Kg2 Qd5+ 48. Kh2 Qd4 49. Rf6+ Ke7 50. Re2 c4 51. Rc6 Qd3 52. Ra2 Qd4 53. Rc2 Qxe5 54. R6xc4 Qh5+ 55. Kg2 Qd5+ 56. Kf2 Qf5+ 57. Ke3 Qg5+ 58. Kf3 Qf5+ 59. Ke3 Qg5+ 60. Kf2 Qf5+ 61. Kg2 Qd5+ 1/2-1/2

[Event "Staufer op 35th"]
[Site "Schwaebisch Gmuend"]
[Date "2025.01.06"]
[Round "9"]
[White "Noe, Christopher"]
[Black "Stork, Oliver"]
[Result "1-0"]
[WhiteElo "2509"]
[BlackElo "2396"]
[PlyCount "113"]
[EventDate "2025.01.02"]
[EventType "swiss"]
[EventRounds "9"]
[EventCountry "GER"]
[SourceTitle "CB02_2025"]
[SourceDate "2025.01.08"]
[SourceVersion "1"]
[SourceVersionDate "2025.01.08"]
[SourceQuality "1"]

1. d4 d5 2. c4 e6 3. Nf3 c6 4. Nbd2 f5 5. g3 Nf6 6. Bg2 Bd6 7. 0-0 Nbd7 8. b3 0-0 9. Bb2 b6 10. Ne5 Bb7 11. Ndf3 Rc8 12. Rc1 Qe7 13. Rc2 Rfd8 14. Qa1 Ne4 15. Nxd7 Rxd7 16. Rfc1 a5 17. Ne1 a4 18. Nd3 a3 19. Bc3 Ba6 20. Be1 dxc4 21. bxc4 c5 22. Qb1 Rb8 23. e3 Qf6 24. Rd1 Qd8 25. Qb3 cxd4 26. exd4 Kh8 27. Rcc1 Rc8 28. c5 bxc5 29. Qxe6 cxd4 30. Ba5 Qe7 31. Rxc8+ Bxc8 32. Qxf5 Nc3 33. Re1 Qf7 34. Bh3 Qg8 35. Qg4 Re7 36. Qxc8 Rxe1+ 37. Nxe1 Qxc8 38. Bxc8 Nxa2 39. Nd3 Nb4 40. Nxb4 Bxb4 41. Bb6 Bc3 42. Be6 g6 43. Bc5 Bb2 44. Bf8 h5 45. h3 Kh7 46. Bf7 g5 47. g4 hxg4 48. hxg4 d3 49. Kf1 d2 50. Ke2 Bc1 51. f3 Kh8 52. Bb3 Kh7 53. Bb4 Kg6 54. Bxd2 Bxd2 55. Kxd2 Kf6 56. Ke3 Ke5 57. Ba2 1-0

[Event "Staufer op 35th"]
[Site "Schwaebisch Gmuend"]
[Date "2025.01.03"]
[Round "4"]
[White "Stork, Oliver"]
[Black "Albrecht, Neil"]
[Result "1-0"]
[WhiteElo "2396"]
[BlackElo "2055"]
[PlyCount "59"]
[EventDate "2025.01.02"]
[EventType "swiss"]
[EventRounds "9"]
[EventCountry "GER"]
[SourceTitle "CB02_2025"]
[SourceDate "2025.01.08"]
[SourceVersion "1"]
[SourceVersionDate "2025.01.08"]
[SourceQuality "1"]

1. e4 c5 2. Nf3 a6 3. Nc3 b5 4. d4 cxd4 5. Nxd4 e6 6. Bd3 Bb7 7. 0-0 Qb6 8. Nb3 Qc7 9. Qe2 d6 10. Bf4 Nd7 11. a4 b4 12. Na2 e5 13. Bd2 a5 14. c3 Ngf6 15. cxb4 axb4 16. Rfc1 Qd8 17. Nxb4 Be7 18. a5 Rc8 19. Ba6 Bxa6 20. Qxa6 Rxc1+ 21. Rxc1 Nc5 22. Nxc5 dxc5 23. Be3 0-0 24. Nc6 Qc7 25. Nxe7+ Qxe7 26. Bxc5 Qc7 27. Qd6 Rc8 28. Qxc7 Rxc7 29. Be3 Rxc1+ 30. Bxc1 1-0

[Event "Heusenstamm Sparkassen op 11th"]
[Site "Heusenstamm"]
[Date "2024.11.24"]
[Round "7"]
[White "Stork, Oliver"]
[Black "Peng, Li Min"]
[Result "0-1"]
[WhiteElo "2366"]
[BlackElo "2516"]
[PlyCount "76"]
[EventDate "2024.11.21"]
[EventType "swiss"]
[EventRounds "7"]
[EventCountry "GER"]
[SourceTitle "CB48_2024"]
[SourceDate "2024.11.28"]
[SourceVersion "1"]
[SourceVersionDate "2024.11.28"]
[SourceQuality "1"]

1. c4 Nf6 2. Nf3 e6 3. g3 d5 4. Bg2 Be7 5. 0-0 0-0 6. b3 b6 7. Bb2 Bb7 8. cxd5 Nxd5 9. d4 Nd7 10. e4 N5f6 11. e5 Nd5 12. Nbd2 a5 13. a4 Nb4 14. Qe2 c5 15. Rfd1 Qc7 16. Rac1 Rad8 17. Ne4 Qb8 18. dxc5 Bxe4 19. Qxe4 Nxc5 20. Qe3 Ncd3 21. Rb1 Bc5 22. Bd4 Bxd4 23. Nxd4 Qxe5 24. Qxe5 Nxe5 25. Nb5 Ned3 26. Bf1 Nc5 27. Bc4 g6 28. Kf1 Kg7 29. Ke2 Kf6 30. h4 h6 31. Ke3 Ke7 32. Be2 Rxd1 33. Bxd1 Rd8 34. Rc1 f5 35. Ke2 Kf6 36. Rc3 Ne4 37. Re3 Rd2+ 38. Ke1 Nd3+ 0-1

[Event "Heusenstamm Sparkassen op 11th"]
[Site "Heusenstamm"]
[Date "2024.11.23"]
[Round "4"]
[White "Sivuk, Vitaly"]
[Black "Stork, Oliver"]
[Result "1-0"]
[WhiteElo "2502"]
[BlackElo "2366"]
[PlyCount "149"]
[EventDate "2024.11.21"]
[EventType "swiss"]
[EventRounds "7"]
[EventCountry "GER"]
[SourceTitle "CB48_2024"]
[SourceDate "2024.11.28"]
[SourceVersion "1"]
[SourceVersionDate "2024.11.28"]
[SourceQuality "1"]

1. d4 d5 2. c4 e6 3. Nc3 h6 4. Nf3 Nf6 5. Bf4 Bd6 6. Be5 Bxe5 7. Nxe5 0-0 8. e3 Nbd7 9. Be2 c5 10. Nxd7 Qxd7 11. dxc5 dxc4 12. Qd4 b5 13. cxb6 Qxd4 14. exd4 axb6 15. Bxc4 Rd8 16. Rd1 Bb7 17. f3 Bd5 18. Nxd5 Nxd5 19. Kf2 Nb4 20. a3 Rac8 21. Be2 Nc6 22. Ke3 Ne7 23. Bd3 Rd5 24. Rd2 b5 25. Rhd1 b4 26. axb4 Rb8 27. b5 Nf5+ 28. Kf2 Nd6 29. g4 Kf8 30. Ke3 Nxb5 31. Bc4 Rd7 32. f4 Nd6 33. b3 Rc7 34. Rc2 Ra8 35. Bd3 Rb7 36. Rc6 Ke7 37. Bc2 Kd7 38. Rc5 Ra2 39. d5 exd5 40. Rdxd5 g6 41. h4 Rb6 42. h5 gxh5 43. Rxh5 Ra1 44. Ra5 Rg1 45. Ra7+ Kd8 46. g5 Rg3+ 47. Kd4 Nb5+ 48. Kc5 Rb8 49. Rxf7 Rc3+ 50. Kb4 Rxc2 51. Rf8+ Kc7 52. Rxb8 Kxb8 53. Kxb5 hxg5 54. Rxg5 Rb2 55. b4 Kc7 56. Rd5 Rf2 57. Rd4 Rf1 58. Rc4+ Kb7 59. Kc5 Kc7 60. Kd5+ Kd7 61. Ke5 Re1+ 62. Kf6 Re6+ 63. Kf5 Re1 64. Re4 Rb1 65. Kf6 Rd1 66. f5 Kd6 67. Kf7 Kd5 68. Re8 Rb1 69. f6 Rxb4 70. Kg6 Rg4+ 71. Kf5 Rg1 72. Rd8+ Kc6 73. f7 Rf1+ 74. Kg6 Rg1+ 75. Kh5 1-0

[Event "Titled Tuesday intern op 06th Aug Late"]
[Site "Chess.com INT"]
[Date "2024.08.06"]
[Round "5"]
[White "Flores Mirabal, Nancy"]
[Black "Stork, Oliver"]
[Result "1-0"]
[WhiteElo "1974"]
[BlackElo "2366"]
[PlyCount "49"]
[EventDate "2024.08.06"]
[EventType "swiss (blitz)"]
[EventRounds "11"]
[EventCountry "USA"]
[SourceTitle "EXT 2025"]
[Source "ChessBase"]
[SourceDate "2024.10.14"]
[SourceVersion "1"]
[SourceVersionDate "2024.10.14"]
[SourceQuality "1"]

1. c4 Nf6 2. g3 e6 3. Bg2 d5 4. Nc3 d4 5. Ne4 Nxe4 6. Bxe4 Nd7 7. d3 Nf6 8. Bg2 Bb4+ 9. Bd2 Qe7 10. Nf3 0-0 11. Nxd4 e5 12. Nb5 e4 13. 0-0 c6 14. Nc3 Rd8 15. Qc2 exd3 16. exd3 Bf5 17. Rfe1 Bxd3 18. Qb3 Qc5 19. Na4 Bxc4 20. Qxb4 Qb5 21. Rad1 h6 22. Qxb5 cxb5 23. Nc5 Bxa2 24. Nxb7 Rd3 25. Nc5 1-0

[Event "Chess.com Speed Play In"]
[Site "Chess.com INT"]
[Date "2024.06.27"]
[Round "1"]
[White "Stork, Oliver"]
[Black "Lianes Garcia, Marcos"]
[Result "0-1"]
[WhiteElo "2379"]
[BlackElo "2416"]
[PlyCount "58"]
[EventDate "2024.06.27"]
[EventType "swiss (blitz)"]
[EventRounds "11"]
[EventCountry "USA"]
[SourceTitle "CBM 220 Extra"]
[Source "ChessBase"]
[SourceDate "2024.07.31"]
[SourceVersion "1"]
[SourceVersionDate "2024.07.31"]
[SourceQuality "1"]

1. c4 g6 2. Nf3 Bg7 3. d4 c5 4. d5 d6 5. e4 e5 6. h3 Ne7 7. Bd3 0-0 8. 0-0 f5 9. Nc3 h6 10. exf5 gxf5 11. Bc2 Nd7 12. Nh4 Nf6 13. f4 e4 14. Be3 a6 15. Qd2 Bd7 16. Rab1 b5 17. b4 cxb4 18. Rxb4 bxc4 19. Rxc4 Rc8 20. Bb3 Rxc4 21. Bxc4 Qa5 22. Nxe4 Qc7 23. Nxd6 Qxd6 24. Rb1 Ne4 25. Qb4 Nc8 26. Qxd6 Ncxd6 27. Bxa6 Ra8 28. Bd3 Rxa2 29. Rb8+ Kf7 0-1

[Event "BL2-West 2324"]
[Site "Germany"]
[Date "2024.02.04"]
[Round "6.1"]
[White "Stork, Oliver"]
[Black "Baklan, Vladimir"]
[Result "1/2-1/2"]
[WhiteElo "2289"]
[BlackElo "2546"]
[PlyCount "108"]
[EventDate "2023.10.21"]
[EventType "team-tourn"]
[EventRounds "10"]
[EventCountry "GER"]
[SourceTitle "EXT 2025"]
[Source "ChessBase"]
[SourceDate "2024.10.14"]
[SourceVersion "1"]
[SourceVersionDate "2024.10.14"]
[SourceQuality "1"]
[WhiteTeam "Koeln SF"]
[BlackTeam "Siegburg"]
[WhiteTeamCountry "GER"]
[BlackTeamCountry "GER"]

1. Nf3 Nf6 2. c4 b6 3. g3 Bb7 4. Bg2 g6 5. d4 Bg7 6. Nc3 Ne4 7. Bd2 e6 8. Rc1 Nxd2 9. Qxd2 0-0 10. 0-0 d6 11. c5 dxc5 12. dxc5 Na6 13. cxb6 Qxd2 14. Nxd2 Bxg2 15. Kxg2 axb6 16. Rfd1 Rfd8 17. Ndb1 Kf8 18. Kf1 Ke7 19. e3 Rxd1+ 20. Nxd1 c5 21. a4 Nb4 22. b3 Rd8 23. Ke2 f5 24. Nd2 Kd6 25. Nb2 Kc6 26. Ndc4 Na2 27. Rc2 Nc3+ 28. Ke1 b5 29. axb5+ Kxb5 30. Rd2 Rxd2 31. Nxd2 e5 32. Nd3 e4 33. Nf4 Bf6 34. Ne6 Be7 35. h4 Kb4 36. h5 Nd5 37. hxg6 hxg6 38. g4 Bh4 39. gxf5 gxf5 40. Ke2 Nc3+ 41. Kf1 Bf6 42. Ke1 Nd5 43. Ke2 Bc3 44. f3 Bxd2 45. fxe4 Nf6 46. Kxd2 fxe4 47. Kc2 Ng4 48. Kd2 Nh2 49. Kc2 Nf1 50. Ng5 Nxe3+ 51. Kc1 Kxb3 52. Nxe4 c4 53. Nd2+ Kc3 54. Nxc4 Nxc4 1/2-1/2

[Event "Staufer op 34th"]
[Site "Schwaebisch Gmuend"]
[Date "2024.01.06"]
[Round "9"]
[White "Stork, Oliver"]
[Black "Huesmann, Thomas"]
[Result "1-0"]
[WhiteElo "2321"]
[BlackElo "2136"]
[PlyCount "37"]
[EventDate "2024.01.02"]
[EventType "swiss"]
[EventRounds "9"]
[EventCountry "GER"]
[SourceTitle "CBM 218 Extra"]
[Source "ChessBase"]
[SourceDate "2024.03.31"]
[SourceVersion "1"]
[SourceVersionDate "2024.03.31"]
[SourceQuality "1"]

1. Nf3 f5 2. h3 d6 3. d4 Nf6 4. g4 fxg4 5. hxg4 Bxg4 6. Nc3 Bxf3 7. exf3 e5 8. Ne4 exd4 9. Bh3 Nxe4 10. fxe4 Nc6 11. Bf5 Be7 12. Qh5+ Kf8 13. Be6 Qe8 14. Qf5+ Bf6 15. Bg5 Qe7 16. Rh6 Ke8 17. Rxf6 h6 18. Qg6+ Kd8 19. Qxg7 1-0

[Event "Staufer op 34th"]
[Site "Schwaebisch Gmuend"]
[Date "2024.01.03"]
[Round "3"]
[White "Stork, Oliver"]
[Black "Poysti, Nathanael Nicolai"]
[Result "1/2-1/2"]
[WhiteElo "2321"]
[BlackElo "2163"]
[PlyCount "82"]
[EventDate "2024.01.02"]
[EventType "swiss"]
[EventRounds "9"]
[EventCountry "GER"]
[SourceTitle "CBM 218 Extra"]
[Source "ChessBase"]
[SourceDate "2024.03.31"]
[SourceVersion "1"]
[SourceVersionDate "2024.03.31"]
[SourceQuality "1"]

1. d4 Nf6 2. c4 e6 3. Nf3 d5 4. Nc3 Be7 5. Bf4 0-0 6. e3 b6 7. a3 a5 8. Rc1 c6 9. cxd5 exd5 10. Bd3 Bb7 11. Ne5 Nbd7 12. Qf3 Re8 13. 0-0 Nxe5 14. dxe5 Nd7 15. Qh3 Nf8 16. Rfd1 Bc8 17. Qf3 Ne6 18. Ne2 Bb7 19. Bf5 g6 20. Bxe6 fxe6 21. e4 c5 22. exd5 Bxd5 23. Qg4 Bf8 24. Nc3 Ra7 25. h4 Bg7 26. h5 gxh5 27. Qxh5 Rf7 28. Bg5 Qa8 29. Nxd5 exd5 30. f4 d4 31. b4 axb4 32. axb4 Qd5 33. bxc5 bxc5 34. Rc3 Re6 35. Rg3 Rg6 36. Rf1 Qe4 37. Qh3 Rf5 38. Bf6 Bxf6 39. exf6 Rfxf6 40. Qc8+ Kg7 41. Qc7+ Kg8 1/2-1/2

[Event "BL2-West 2324"]
[Site "Germany"]
[Date "2023.10.21"]
[Round "1.1"]
[White "Stork, Oliver"]
[Black "Galperin, Platon"]
[Result "0-1"]
[WhiteElo "2289"]
[BlackElo "2564"]
[PlyCount "70"]
[EventDate "2023.10.21"]
[EventType "team-tourn"]
[EventRounds "10"]
[EventCountry "GER"]
[SourceTitle "EXT 2025"]
[Source "ChessBase"]
[SourceDate "2024.10.14"]
[SourceVersion "1"]
[SourceVersionDate "2024.10.14"]
[SourceQuality "1"]
[WhiteTeam "Koeln SF"]
[BlackTeam "Bad Wolfhagen Emstal"]
[WhiteTeamCountry "GER"]
[BlackTeamCountry "GER"]

1. c4 e6 2. Nf3 d5 3. e3 Nf6 4. b3 Bd6 5. Bb2 0-0 6. Nc3 c5 7. cxd5 exd5 8. d4 Nc6 9. Be2 Bg4 10. dxc5 Bxc5 11. 0-0 a6 12. Rc1 Ba7 13. h3 Be6 14. Na4 Rc8 15. Nd4 Ne4 16. Nxc6 Rxc6 17. Rxc6 bxc6 18. Nc3 f5 19. Nxe4 fxe4 20. Bg4 Bf7 21. Qe2 Bb8 22. Rc1 Qd6 23. Qc2 Be8 24. Kf1 h5 25. Bc8 Qh2 26. Qc3 Qh1+ 27. Ke2 Qxg2 28. Rf1 Bd6 29. a4 c5 30. Bxa6 h4 31. Ke1 Bh5 32. Bb7 d4 33. exd4 Bg3 34. Bd5+ Kh8 35. Qd2 Rxf2 0-1

[Event "Titled Tuesday intern op 05th Sep Early"]
[Site "Chess.com INT"]
[Date "2023.09.05"]
[Round "8"]
[White "Santos Flores, Alberto Javier"]
[Black "Stork, Oliver"]
[Result "0-1"]
[WhiteElo "2198"]
[BlackElo "2282"]
[PlyCount "54"]
[EventDate "2023.09.05"]
[EventType "swiss (blitz)"]
[EventRounds "11"]
[EventCountry "USA"]
[SourceTitle "EXT 2024"]
[Source "ChessBase"]
[SourceDate "2023.10.10"]
[SourceVersion "1"]
[SourceVersionDate "2023.10.10"]
[SourceQuality "1"]

1. e4 c6 2. c4 d5 3. exd5 cxd5 4. cxd5 Nf6 5. Qa4+ Nbd7 6. Bc4 g6 7. Nc3 Bg7 8. d3 0-0 9. Nf3 Nb6 10. Qb3 Bf5 11. 0-0 Nfd7 12. Be3 Rc8 13. Nd4 Nc5 14. Qd1 Nxc4 15. Nxf5 Nxb2 16. Qc2 gxf5 17. Qxb2 Nxd3 18. Qxb7 Rxc3 19. Qxa7 f4 20. Bb6 Qxd5 21. Qxe7 Rc6 22. Rab1 Rg6 23. f3 Bd4+ 24. Bxd4 Qxd4+ 25. Kh1 Nf2+ 26. Rxf2 Qxf2 27. Rg1 Rc8 0-1

[Event "Wiesbaden op 32nd"]
[Site "Wiesbaden"]
[Date "2023.08.27"]
[Round "7"]
[White "Euler, Gerd"]
[Black "Stork, Oliver"]
[Result "1/2-1/2"]
[WhiteElo "2243"]
[BlackElo "2327"]
[PlyCount "80"]
[EventDate "2023.08.24"]
[EventType "swiss"]
[EventRounds "7"]
[EventCountry "GER"]
[SourceTitle "CBM 216 Extra"]
[Source "ChessBase"]
[SourceDate "2023.11.30"]
[SourceVersion "1"]
[SourceVersionDate "2023.11.30"]
[SourceQuality "1"]

1. d4 Nf6 2. c4 c5 3. e3 g6 4. Nf3 Bg7 5. Be2 0-0 6. 0-0 cxd4 7. exd4 d5 8. cxd5 Nxd5 9. Nc3 Nc6 10. h3 b6 11. Qa4 Bb7 12. Rd1 Rc8 13. Nxd5 Qxd5 14. Be3 Qa5 15. Qb3 Rfd8 16. d5 Ne5 17. Nxe5 Bxe5 18. Bf3 Rc7 19. Bd2 Qc5 20. Rac1 Bxd5 21. Bxd5 Qxd5 22. Bc3 Rxc3 23. bxc3 Qa8 24. Rxd8+ Qxd8 25. Rd1 Qc7 26. Qd5 Bd6 27. Rd3 Kg7 28. Qd4+ f6 29. Qd5 Qc8 30. Rf3 Qa6 31. g3 Qa4 32. Kg2 Bc5 33. h4 h5 34. Rf4 Qc2 35. Rf3 a5 36. Qc4 a4 37. Qe6 a3 38. Kg1 Qd1+ 39. Kg2 Qc2 40. Kg1 Qd1+ 1/2-1/2

[Event "Wiesbaden op 32nd"]
[Site "Wiesbaden"]
[Date "2023.08.26"]
[Round "4"]
[White "Baranyai Molnar, Adam Kristof"]
[Black "Stork, Oliver"]
[Result "1-0"]
[WhiteElo "1876"]
[BlackElo "2327"]
[PlyCount "85"]
[EventDate "2023.08.24"]
[EventType "swiss"]
[EventRounds "7"]
[EventCountry "GER"]
[SourceTitle "CBM 216 Extra"]
[Source "ChessBase"]
[SourceDate "2023.11.30"]
[SourceVersion "1"]
[SourceVersionDate "2023.11.30"]
[SourceQuality "1"]

1. f4 d5 2. Nf3 g6 3. d3 Bg7 4. g3 Nf6 5. Bg2 0-0 6. 0-0 Nbd7 7. Qe1 Re8 8. e4 dxe4 9. dxe4 e5 10. Nc3 c6 11. Kh1 b5 12. fxe5 Ng4 13. e6 Rxe6 14. Ng5 Re7 15. Bf4 h6 16. Nf3 b4 17. Nd1 a5 18. h3 Nge5 19. Nxe5 Nxe5 20. Ne3 Be6 21. Rd1 Rd7 22. Qe2 Bxa2 23. b3 a4 24. Bxe5 Bxe5 25. Qc4 Qc7 26. Rxd7 Qxd7 27. Ng4 Bg7 28. e5 axb3 29. cxb3 Qe6 30. Qxb4 Bxb3 31. Qb7 Ra2 32. Rf6 Bd5 33. Rxe6 Rxg2 34. Qc8+ Kh7 35. Rd6 Bf3 36. Nh2 Be4 37. Rd4 Re2+ 38. Rxe4 Rxe4 39. Ng4 h5 40. Nf6+ Bxf6 41. exf6 Re6 42. Qd8 g5 43. Qd3+ 1-0

[Event "Titled Tuesday intern op 08th Aug Early"]
[Site "Chess.com INT"]
[Date "2023.08.08"]
[Round "5"]
[White "Mikhaylova, Irina"]
[Black "Stork, Oliver"]
[Result "1-0"]
[WhiteElo "2216"]
[BlackElo "2327"]
[PlyCount "31"]
[EventDate "2023.08.08"]
[EventType "swiss (blitz)"]
[EventRounds "11"]
[EventCountry "USA"]
[SourceTitle "EXT 2024"]
[Source "ChessBase"]
[SourceDate "2023.10.10"]
[SourceVersion "1"]
[SourceVersionDate "2023.10.10"]
[SourceQuality "1"]

1. d4 Nf6 2. Nf3 d5 3. c4 e6 4. Nc3 Bb4 5. Bg5 h6 6. Bxf6 Qxf6 7. cxd5 exd5 8. Rc1 0-0 9. a3 Bd6 10. Nxd5 Qf5 11. Nc3 b6 12. e4 Qg4 13. h3 Qg6 14. e5 Re8 15. Bd3 Bf5 16. Nh4 1-0

[Event "Titled Tuesday intern op 01st Aug Early"]
[Site "Chess.com INT"]
[Date "2023.08.01"]
[Round "4"]
[White "Nasir, Zehn"]
[Black "Stork, Oliver"]
[Result "1/2-1/2"]
[WhiteElo "2057"]
[BlackElo "2327"]
[PlyCount "146"]
[EventDate "2023.08.01"]
[EventType "swiss (blitz)"]
[EventRounds "11"]
[EventCountry "USA"]
[SourceTitle "EXT 2024"]
[Source "ChessBase"]
[SourceDate "2023.10.10"]
[SourceVersion "1"]
[SourceVersionDate "2023.10.10"]
[SourceQuality "1"]

1. d4 d5 2. Bf4 c5 3. e3 Nc6 4. c3 Nf6 5. Nd2 Bf5 6. Qb3 Qd7 7. Ngf3 c4 8. Qd1 e6 9. Ne5 Nxe5 10. dxe5 Ne4 11. Nxe4 Bxe4 12. f3 Bg6 13. Be2 Bc5 14. 0-0 0-0 15. Bxc4 Qc6 16. Bd3 Qb6 17. Qd2 Bxd3 18. Qxd3 f6 19. b4 Be7 20. Qd4 Rac8 21. Qxb6 axb6 22. Rfc1 Rc4 23. a4 Rfc8 24. a5 bxa5 25. bxa5 Rxc3 26. Rxc3 Rxc3 27. Rb1 Bc5 28. Rxb7 fxe5 29. Bg3 Rxe3 30. Kf1 e4 31. a6 exf3 32. a7 fxg2+ 33. Kxg2 Bxa7 34. Rxa7 Re4 35. Kf3 h6 36. h3 Kh7 37. Re7 Kg6 38. Bd6 Kf6 39. Re8 g5 40. Bf8 h5 41. Ra8 g4+ 42. hxg4 hxg4+ 43. Kg3 Kf5 44. Ra6 Re3+ 45. Kf2 Rd3 46. Bg7 e5 47. Ra5 e4 48. Ke2 Kf4 49. Bh6+ Kg3 50. Ra8 Kh3 51. Rh8 g3 52. Be3+ Kg4 53. Rg8+ Kh3 54. Bf4 Rf3 55. Be5 g2 56. Rh8+ Kg4 57. Rg8+ Kf5 58. Bh2 d4 59. Rxg2 d3+ 60. Kd2 Rh3 61. Bg1 Kf4 62. Rf2+ Rf3 63. Rh2 Rg3 64. Bf2 Rf3 65. Be1 Rf1 66. Rh8 e3+ 67. Kxd3 Rxe1 68. Rf8+ Kg3 69. Rg8+ Kf2 70. Rf8+ Kg2 71. Rg8+ Kf2 72. Rf8+ Kg2 73. Rg8+ Kf2 1/2-1/2